La nueva agenda del mutualismo colombiano / (Registro nro. 8041)
[ vista simple ]
| 000 -LEADER | |
|---|---|
| fixed length control field | 00968nam a2200241Ia 4500 |
| 003 - CONTROL NUMBER IDENTIFIER | |
| control field | OSt |
| 005 - DATE AND TIME OF LATEST TRANSACTION | |
| control field | 20210706164041.0 |
| 008 - FIXED-LENGTH DATA ELEMENTS--GENERAL INFORMATION | |
| fixed length control field | 210310s2010 ck aod gr 000 0 spa d |
| 020 ## - INTERNATIONAL STANDARD BOOK NUMBER | |
| International Standard Book Number | 9789589947500 |
| 040 ## - CATALOGING SOURCE | |
| Original cataloging agency | CO-JMCR |
| Transcribing agency | CO-JMCR |
| 041 0# - LANGUAGE CODE | |
| Language code of text/sound track or separate title | spa |
| 082 04 - DEWEY DECIMAL CLASSIFICATION NUMBER | |
| Classification number | 332.6327 / |
| Item number | F292n |
| Edition number | 23 |
| 110 2# - MAIN ENTRY--CORPORATE NAME | |
| Corporate name or jurisdiction name as entry element | Fedemutuales |
| 9 (RLIN) | 38395 |
| 245 13 - TITLE STATEMENT | |
| Title | La nueva agenda del mutualismo colombiano / |
| Statement of responsibility, etc. | Fedemutuales |
| 260 ## - PUBLICATION, DISTRIBUTION, ETC. | |
| Place of publication, distribution, etc. | Medellín : |
| Name of publisher, distributor, etc. | Federación de Mutuales de Antioquia, |
| Date of publication, distribution, etc. | 2010 |
| 300 ## - PHYSICAL DESCRIPTION | |
| Extent | 216 páginas : |
| Other physical details | ilustraciones, fotografías y gráficas a color ; |
| Dimensions | 23 cm. |
| 504 ## - BIBLIOGRAPHY, ETC. NOTE | |
| Bibliography, etc. note | Bibliografía: páginas 215-216 |
| 505 0# - FORMATTED CONTENTS NOTE | |
| Formatted contents note | Referente histórico y teórico -- Estado actual del Mutualismo colombiano -- Condiciones de éxito del Mutualismo colombiano -- Un futuro posible para el Mutualismo colombiano |
| 650 14 - SUBJECT ADDED ENTRY--TOPICAL TERM | |
| Topical term or geographic name entry element | Mutualismo (Economía) |
| 9 (RLIN) | 16169 |
| Geographic subdivision | Colombia |
| 650 24 - SUBJECT ADDED ENTRY--TOPICAL TERM | |
| Topical term or geographic name entry element | Grupos sociales |
| Geographic subdivision | Colombia |
| 9 (RLIN) | 38396 |
| 650 24 - SUBJECT ADDED ENTRY--TOPICAL TERM | |
| Topical term or geographic name entry element | Cooperativismo |
| Geographic subdivision | Colombia |
| 9 (RLIN) | 38397 |
| 942 ## - ADDED ENTRY ELEMENTS (KOHA) | |
| Source of classification or shelving scheme | Dewey Decimal Classification |
| Koha item type | Books |
| Withdrawn status | Lost status | Source of classification or shelving scheme | Damaged status | Not for loan | Collection code | Home library | Current library | Date acquired | Source of acquisition | Total Checkouts | Total Renewals | Full call number | Barcode | Date last seen | Date last checked out | Copy number | Koha item type |
|---|---|---|---|---|---|---|---|---|---|---|---|---|---|---|---|---|---|
| Dewey Decimal Classification | Non-fiction | Biblioteca Pública José María del Castillo y Rada | Biblioteca Pública José María del Castillo y Rada | 04/15/2018 | Donación | 2 | 4 | 332.6327 / F292n | 430002940 | 05/16/2024 | 01/10/2023 | Ej.1 | Books |